000 00613nam a2200205 i 4500
001 62664
003 ES-MaACL
005 20230906164717.0
007 t|
008 031124s1953 sp ||||1| spa d
100 1 _aFernández Arroyo, José.
_949482
245 1 0 _aEn torno de lo último /
_cJosé Fernández Arroyo.
260 _aGuadalajara :
_b[s.n.,
_c1953] (
_eMadrid :
_fBachende)
300 _a10 p. ;
_c17 cm.
490 1 _aDoña endrina ;
_v1
830 0 _aDoña endrina ;
_v1
_9182860
852 _aES-MaACL
_j1945-F-18
_bR.33180
852 _aES-MaACL
_j1983-F-16
_bR.33140
999 _c62664
_d62664